[Event "Oberfranken-ch Q 0607"]
[Site "Schney"]
[Date "2007.01.03"]
[Round "4"]
[White "Baumgaertner, Frank"]
[Black "Martius, Roland"]
[Result "1/2-1/2"]
[WhiteElo "1815"]
[BlackElo "1736"]
[PlyCount "37"]
[EventDate "2007.01.02"]
[EventType "swiss"]
[EventRounds "6"]
[EventCountry "GER"]
[SourceTitle "EXT 2015"]
[Source "ChessBase"]
[SourceDate "2014.11.20"]
[SourceVersion "1"]
[SourceVersionDate "2014.11.20"]
[SourceQuality "1"]

1. d4 d5 2. Nf3 e6 3. Nbd2 f5 4. g3 Nf6 5. Bg2 Be7 6. 0-0 0-0 7. Ne5 Nbd7 8. Ndf3 Ne4 9. c3 Bf6 10. Bf4 c5 11. Rc1 c4 12. b3 b5 13. bxc4 bxc4 14. Qc2 Nb6 15. h4 Bd7 16. Nxd7 Nxd7 17. Rb1 Qa5 18. Rfc1 Rae8 19. Nd2 1/2-1/2